| 000 | 00824cab a2200277 4500 | ||
|---|---|---|---|
| 001 | ABS58418 | ||
| 008 | 090401t1998 xxu||||| |||| 00| 0 eng d | ||
| 035 | _a(Sirsi) u85103 | ||
| 041 | _aeng | ||
| 245 | _aRegional survey: Scotland | ||
| 260 | _c1998 | ||
| 350 | _a0 | ||
| 490 |
_aProperty Week _v62(9) 13 March 1998, 44-80(12) |
||
| 650 | _aGLASGOW | ||
| 650 | _aINDUSTRIAL MARKET | ||
| 650 | _aPROPERTY-COMMERCIAL PROPERTY-OFFICE PROPERTY-OFFICE PROPERTY MARKET | ||
| 650 | _aPLANNING ISSUES | ||
| 650 | _aPUBLIC EXPENDITURE | ||
| 650 | _aRENTAL GROWTH | ||
| 650 | _aPROPERTY-COMMERCIAL PROPERTY-RETAIL PROPERTY-RETAIL PROPERTY MARKET | ||
| 650 | _aSCOTLAND | ||
| 650 | _aSCOTTISH PARLIAMENT | ||
| 690 | _aPROPERTY-COMMERCIAL PROPERTY-COMMERCIAL PROPERTY MARKET | ||
| 942 | _n0 | ||
| 948 | _c20/03/1998 | ||
| 999 |
_c53511 _d53511 |
||